000 00434nam a2200133Ia 4500
005 20260328101455.0
008 260328s9999||||xx |||||||||||||| ||und||
100 _aVargas Sánchez, Concepción J
245 0 _aArquitectura y Ciudad :
_b Métodos Historiográficos y Análisis de Fuentes Gráficas /
_cConcepción J Vargas Sánchez
260 _bUniversidad Autónoma Metropolitana
300 _a280 p.
650 _aCIUDAD
942 _cBK
999 _c8815
_d8815